|
|
|
|
| LEADER |
00000nab a2200000 a 4500 |
| 001 |
vtls000634783 |
| 003 |
SK-MaSNL |
| 005 |
20260304160355.0 |
| 008 |
250507c1997 xo 0 slo |
| 015 |
|
|
|a SNBRB19rr/mm-uuuuu
|
| 035 |
|
|
|a CL0634922
|
| 035 |
|
|
|a (urnnbn)urn:nbn:sk:snk:ar-0069cx
|
| 035 |
|
|
|a (uuid)9c6fef5f-4c71-4e0c-9179-5ca1563e8472
|
| 035 |
|
|
|a urn:nbn:sk:snk-ab84rf
|
| 040 |
|
|
|a SNKBUCL
|b slo
|c SNKBUCL
|e AACR2
|
| 041 |
0 |
|
|a slo
|
| 044 |
|
|
|a xo
|c SK
|
| 080 |
|
|
|a 801.4(437.1/.2)(048)
|2 1981
|
| 100 |
1 |
|
|a Ondrejovič, Slavomír,
|d 1946-
|4 aut
|9 92874
|
| 245 |
1 |
0 |
|a Phonetica Pragensia 8
|c Slavomír Ondrejovič
|
| 650 |
0 |
7 |
|a čeština
|2 snkbucl
|9 1319
|
| 650 |
0 |
7 |
|a fonetika
|2 snkbucl
|9 863
|
| 655 |
|
7 |
|a recenzie
|2 snkbucl
|9 21907
|
| 773 |
0 |
|
|t Jazykovedný časopis
|g Roč. 48, č. 1 (1997), s. 60-61
|x 0021-5597
|
| 787 |
0 |
8 |
|i Rec.:
|a Schulzová, Oľga, 1928-2007
|t Phonetica Pragensia 8
|d Praha : Univerzita Karlova, 1995
|
| 787 |
0 |
8 |
|i Rec.:
|a Janota, P.
|t Phonetica Pragensia 8
|d Praha : Univerzita Karlova, 1995
|
| 850 |
|
|
|a Slovenská národná knižnica
|
| 852 |
|
|
|a Slovenská národná knižnica
|
| 954 |
|
|
|a odborná, vedecká literatúra pôvodná (slovenská)
|2 lita
|
| 958 |
|
|
|a article9
|
| 958 |
|
|
|a OND
|
| 958 |
|
|
|a CZ
|
| 958 |
|
|
|a EUIPO
|
| 999 |
|
|
|c 2966849
|d 2968779
|